| 000 | 00527nam a22001697a 4500 | ||
|---|---|---|---|
| 003 | BD-DhUL | ||
| 005 | 20190916110351.0 | ||
| 008 | 190509s1896 ii ||||| |||| 00| 0 urd d | ||
| 040 |
_aBD-DhUL _cBD-DhUL |
||
| 082 |
_a954.25 _bHAQ |
||
| 100 | 3 | _aحامد علی خان | |
| 245 | 1 | 0 |
_aقیصر التواریخ : _cحامد علی خان _bجلد ۲ / |
| 260 |
_aلکھنو : _bمطبع نامی منشی نولکشور، _c۔۱۸۹۶ |
||
| 300 |
_aجلد ۲ ؛ _c۲۸ سم۔ |
||
| 650 | 4 |
_aIndia _vHistory. |
|
| 942 |
_2ddc _cBK |
||
| 999 |
_c249768 _d249768 |
||